El pensamiento económico moderno (Registro nro. 5275)
[ vista simple ]
| 000 -LEADER | |
|---|---|
| fixed length control field | 01600 a2200229 4500 |
| 001 - CONTROL NUMBER | |
| control field | 53874 |
| 005 - DATE AND TIME OF LATEST TRANSACTION | |
| control field | 20260407155809.0 |
| 008 - FIXED-LENGTH DATA ELEMENTS--GENERAL INFORMATION | |
| fixed length control field | 260407a1977 arg spa d |
| 003 - CONTROL NUMBER IDENTIFIER | |
| control field | AR-UNSa-BCEJYS |
| 040 ## - CATALOGING SOURCE | |
| Original cataloging agency | AR-UNSa-BCEJYS |
| Language of cataloging | spa |
| Transcribing agency | AR-UNSa-BCEJYS |
| 080 ## - UNIVERSAL DECIMAL CLASSIFICATION NUMBER | |
| Universal Decimal Classification number | 330.8 |
| Common auxiliary subdivision | Historia de las teorías, Doctrinas, Dogmas económicos (pensamiento económico) |
| 020 ## - INTERNATIONAL STANDARD BOOK NUMBER | |
| International Standard Book Number | 968-419-108-1 |
| 041 ## - LANGUAGE CODE | |
| Language code of text/sound track or separate title | spa |
| 100 1# - MAIN ENTRY--PERSONAL NAME | |
| Personal name | Vitello, Vincenzo |
| 245 10 - TITLE STATEMENT | |
| Title | El pensamiento económico moderno |
| 264 #1 - PRODUCTION, PUBLICATION, DISTRIBUTION, MANUFACTURE, AND COPYRIGHT NOTICE | |
| Place of production, publication, distribution, manufacture | México : |
| Name of producer, publisher, distributor, manufacturer | Grijalbo |
| Date of production, publication, distribution, manufacture, or copyright notice | 1977 |
| 300 ## - PHYSICAL DESCRIPTION | |
| Extent | 176 p. |
| Dimensions | 19 cm. |
| 505 ## - FORMATTED CONTENTS NOTE | |
| Formatted contents note | 1. La orientación del pensamiento económico con el advenimiento de la teoría marginal y el abandono de la línea de investigación de los economistas clásicos - 2. Walras y el análisis del equilibrio económico general. Insuficiencias sustanciales de la teoría marginal del valor y del capital – 3. Teoría del desarrollo capitalista. El análisis de J. Schumpeter: Analogías y diferencias relevantes con el de K. Marx – 4. El capitalismo monopolista y las teorías sobre nuevas “formas de mercado” – 5. La teoría de J. M. Keynes y las políticas Keynesianas – 6. Modelos macroeconómicos y metodologías de la programación. La aplicación de las matemáticas y la economía – 7. Planificación socialista y análisis económico – 8. Teoría económica y capitalismo contemporáneo – 9. Orientaciones actuales del pensamiento económico. |
| 590 ## - LOCAL NOTE (RLIN) | |
| Local note | niveau_biblio:m niveau_hierar:0 |
| 856 41 - ELECTRONIC LOCATION AND ACCESS | |
| Uniform Resource Identifier | <a href="https://biblioeco.unsa.edu.ar/pmb/images/libros/L128454.jpg">https://biblioeco.unsa.edu.ar/pmb/images/libros/L128454.jpg</a> |
| Link text | Imagen de portada |
| Electronic format type | image/jpeg |
| 942 ## - ADDED ENTRY ELEMENTS (KOHA) | |
| Koha item type | |
| Withdrawn status | Lost status | Damaged status | Not for loan | Home library | Current library | Shelving location | Date acquired | Total checkouts | Full call number | Barcode | Date last seen | Price effective from | Koha item type |
|---|---|---|---|---|---|---|---|---|---|---|---|---|---|
| Biblioteca Prof. Eusebio Cleto del Rey | Biblioteca Prof. Eusebio Cleto del Rey | 07/04/2026 | 330.8 V839 | L128454 | 07/04/2026 | 07/04/2026 | Libro |